00757nam a22002417a 4500003000500000005001700005008004100022010001000063011001000073020001500083035001100098040000900109082001500118100003100133245012900164260005600293300002400349490002800373650001100401700004000412700003500452830002800487CHAP20220329143345.0081205s2004 mx a r 00010 spa d a95468 a96440 a9703215777 a107093 cCHAP04a589.3bC211 aCarmona Jiménez, Javier.10aAlgas :bglosario ilustradoc/por Javier Carmona Jiménez, Marco Antonio Hernández Muñoz y Mónica Ramírez Vázquez aMéxico, D.F. :bUNAM. Facultad de Ciencias,c2004 avii, 82 p. :bilus. 4aLas prensas de ciencias14aAlgas.1 aHernández Muñoz, Marco Antonio.1 aRamírez Vázquez, Mónica. 4aLas prensas de ciencias